Zdravotná politika

Gespeichert in:
Bibliographische Detailangaben
1. Verfasser: Stanek, Vojtech
Körperschaft: Ekonomická univerzita v Bratislave. Národohospodárska fakulta
Weitere Verfasser: Pechová, Michaela, 1977-, Laluha, Ivan, Uhrinová, Emília
Format: Buch
Sprache:Slowakisch
Veröffentlicht: Bratislava Vydavateľstvo EKONÓM 2010
Schlagworte:
Tags: Tag hinzufügen
Keine Tags, Fügen Sie das erste Tag hinzu!

MARC

LEADER 00000nam$a2200000$$$4500
001 0110830
005 20240502072227.3
020 |a 978-80-225-2892-7 
041 0 |a slo 
044 |a SK 
245 1 0 |a Zdravotná politika  |c Vojtech Stanek, Michaela Pechová 
264 1 |a Bratislava  |b Vydavateľstvo EKONÓM  |c 2010 
300 |a 196 s. [11,089 AH] 
610 2 0 |a zdravie 
610 2 0 |a starostlivosť zdravotná 
610 2 0 |a kvalita 
610 2 0 |a hospodárstvo trhové 
610 2 0 |a porovnanie medzinárodné 
610 2 0 |a zdravotníctvo 
610 2 0 |a financovanie 
610 2 0 |a poistenie zdravotné 
610 2 0 |a reformy 
610 2 0 |a Slovensko 
100 1 |a Stanek, Vojtech 
700 1 |a Pechová, Michaela, 1977- 
700 1 |a Laluha, Ivan 
700 1 |a Uhrinová, Emília 
710 2 |a Ekonomická univerzita v Bratislave. Národohospodárska fakulta